| 000 | 00523cam a2200205ua 4500 | ||
|---|---|---|---|
| 001 | 5044 | ||
| 005 | 20260515113828.0 | ||
| 008 | 150214n ii |||gr||||Z||||||eng | ||
| 020 | _a0333-91016-8 | ||
| 040 | _cMAIN | ||
| 041 | _aeng | ||
| 082 | _a421 | ||
| 100 |
_aBalasubramanian, T., _d1981, _eAuthor, |
||
| 245 |
_aTextbook of english phonetics _cby T. Balasubramanian |
||
| 250 | _a1st. | ||
| 260 |
_aDelhi: _bMacmillan, _c1999. |
||
| 300 |
_a207p: _c23cm. |
||
| 653 | _aEnglish writing system &phonology | ||
| 942 | _cBK | ||
| 999 |
_c4224 _d4224 |
||